Javaslat a cigány ügy országos rendezése tárgyában

Elmentve itt :
Bibliográfiai részletek
Szerző: Joanovich Sándor
Dokumentumtípus: Kézirat
Megjelent: 1910
Kulcsszavak:cigánykérdés, cigányok letelepítése, közigazgatás
Online Access:http://misc.bibl.u-szeged.hu/46918
LEADER 00628ntm a2200169 i 4500
001 misc46918
005 20201001113258.0
008 200522s1910 hu o 0|| hun d
040 |a SZTE Miscellanea Repozitórium  |b hun 
041 |a hun 
100 1 |a Joanovich Sándor 
245 1 0 |a Javaslat a cigány ügy országos rendezése tárgyában  |h [elektronikus dokumentum] /  |c  Joanovich Sándor 
260 |c 1910 
300 |a 74 
561 |a Herrmann Antal hagyaték 
695 |a cigánykérdés, cigányok letelepítése, közigazgatás 
856 4 0 |u http://misc.bibl.u-szeged.hu/46918/1/hermann_antal_ms_1934_004_egyeb_156.pdf  |z Dokumentum-elérés